| Tag |
First Indicator |
Second Indicator |
Subfields |
| LEADER |
00000cam a2200000 a 4500 |
| 001 |
in00000020309 |
| 005 |
20220103134416.0 |
| 007 |
cr unu a |
| 008 |
880712s1986 xx a b 00010 eng d |
| 035 |
|
|
|9 AAB3150AM
|
| 035 |
|
|
|a (OCoLC)18203022
|
| 040 |
|
|
|a TXA
|c TXA
|d UtOrBLW
|
| 049 |
|
|
|a TXAZ [Also in] [Archives]
|c 1 [A10757339], 2 [A10757389]
|
| 099 |
|
|
|a 1986
|a Thesis
|a N174
|
| 100 |
1 |
|
|a Nam, Ki Yun,
|d 1952-
|
| 245 |
1 |
2 |
|a A theoretical temperature distribution model for asymmetric and isotropic hollow-fiber bioreactors /
|c by Ki Yun Nam.
|
| 264 |
|
1 |
|a [Place of publication not identified] :
|b [publisher not identified] ;
|c 1986.
|
| 300 |
|
|
|a ix, 135 leaves :
|b illustrations ;
|c 29 cm.
|
| 336 |
|
|
|a text
|b txt
|2 rdacontent
|
| 337 |
|
|
|a computer
|b c
|2 rdamedia
|
| 338 |
|
|
|a online resource
|b cr
|2 rdacarrier
|
| 500 |
|
|
|a "Major subject: Chemical Engineering."
|
| 500 |
|
|
|a Typescript (photocopy).
|
| 500 |
|
|
|a Vita.
|
| 502 |
|
|
|b M.S.
|c Texas A&M University
|d 1986.
|
| 504 |
|
|
|a Bibliography: leaves 78-79.
|
| 530 |
|
|
|a Also available online.
|
| 650 |
|
0 |
|a Biochemical engineering
|x Mathematical models.
|
| 650 |
|
0 |
|a Bioreactors
|x Mathematical models.
|
| 650 |
|
4 |
|a Major chemical engineering.
|
| 856 |
4 |
1 |
|u https://hdl.handle.net/1969.1/ETD-TAMU-1986-THESIS-N174
|z Link to OAKTrust copy
|t 0
|
| 999 |
|
|
|a MARS
|
| 999 |
f |
f |
|s 44c54779-1b84-30e0-a3d7-1f76e7013e1d
|i eefb1acc-44ea-33e4-97ed-669fd044e1af
|t 0
|
| 952 |
f |
f |
|p noncirc
|a Texas A&M University
|b J.J. Pickle Campus
|c High Density Repository
|s HDR
|d Remote Storage
|t 0
|e 1986 Thesis N174
|h Other scheme
|i computer -- online resource
|m A14839617310
|
| 952 |
f |
f |
|a Texas A&M University
|b College Station
|c Electronic Resources
|s www_evans
|d Available Online
|t 0
|e 1986 Thesis N174
|h Other scheme
|
| 998 |
f |
f |
|a 1986 Thesis N174
|t 0
|l Remote Storage
|
| 998 |
f |
f |
|a 1986 Thesis N174
|t 0
|l Available Online
|